Nurturing business leaders: (Record no. 57336)
[ view plain ]
| 000 -LEADER | |
|---|---|
| fixed length control field | 00920nam a22002297a 4500 |
| 005 - DATE AND TIME OF LATEST TRANSACTION | |
| control field | 20111007100630.0 |
| 010 ## - LCCN (DPL NO) | |
| LC control number | G-001673 |
| 020 ## - INTERNATIONAL STANDARD BOOK NUMBER | |
| Terms of availability | 450.00 |
| International Standard Book Number | 9788120745933 |
| 035 1d - SYSTEM CONTROL NUMBER | |
| System control number | G-001673 |
| 037 ## - SOURCE OF ACQUISITION | |
| Source of stock number/acquisition | Gift |
| 082 ## - DEWEY DECIMAL CLASSIFICATION NUMBER | |
| Classification number | 658.40954 |
| 100 ## - MAIN ENTRY--PERSONAL NAME | |
| Personal name | Sindhwani, Saumya |
| 245 E# - TITLE STATEMENT | |
| Title | Nurturing business leaders: |
| Statement of responsibility, etc | by Saumya Sindhwani, Theresa Loo [and] Guillermo Alejandri Rodriguez |
| Remainder of title | zero-based proactive learning paradigm / |
| 260 ## - PUBLICATION, DISTRIBUTION, ETC. (IMPRINT) | |
| Place of publication, distribution, etc | New Delhi |
| Name of publisher, distributor, etc | Sterling Publishers |
| Date of publication, distribution, etc | 2009 |
| 270 ## - ADDRESS | |
| Address | A-59, Okhla Industrial Area, Phase-II, |
| City | New Delhi |
| Postal code | 110020 |
| 300 ## - PHYSICAL DESCRIPTION | |
| Extent | 191p. |
| Dimensions | 22cm(Hb) |
| 700 ## - ADDED ENTRY--PERSONAL NAME | |
| Personal name | Loo, Theresa |
| 9 (RLIN) | 35267 |
| 700 ## - ADDED ENTRY--PERSONAL NAME | |
| Personal name | Rodriguez, Guillermo Alejandri |
| 9 (RLIN) | 35268 |
| 942 ## - ADDED ENTRY ELEMENTS (KOHA) | |
| Source of classification or shelving scheme | Dewey Decimal Classification |
| Item type | English Books |
| Classification part | 658.40954 |
| Call number suffix | SIN |
| Withdrawn status | Lost status | Not for loan | Collection code | Home library | Current library | Date acquired | Source of acquisition | Cost, normal purchase price | Full call number | Barcode | Copy number | Cost, replacement price | Koha item type |
|---|---|---|---|---|---|---|---|---|---|---|---|---|---|
| Non-fiction | Janak Puri | Janak Puri | 07/10/2011 | gift | 450.00 | 658.40954 SIN | G-001673 | 1 | 450.00 | English Books |
